[Event "Titled Tue 20th May Early"]
[Site "chess.com INT"]
[Date "2025.05.20"]
[Round "9"]
[White "Svetlov, Dmitry"]
[Black "Lloret Ramis, Juan Jose"]
[Result "0-1"]
[WhiteTitle "IM"]
[BlackTitle "FM"]
[WhiteElo "2335"]
[BlackElo "2019"]
[WhiteFideId "24102610"]
[BlackFideId "2204053"]
[EventDate "2025.05.20"]

1. c4 e6 2. d4 d5 3. Nc3 Nf6 4. cxd5 Nxd5 5. e4 Nxc3 6. bxc3 c5 7. Nf3 cxd4 8.
cxd4 Bb4+ 9. Bd2 Bxd2+ 10. Qxd2 O-O 11. Be2 b6 12. O-O Bb7 13. Bd3 Nc6 14. Qe3
Rc8 15. Rfd1 Nb4 16. a3 Nc2 17. Bxc2 Rxc2 18. Rac1 Qc7 19. Ne1 Rxc1 20. Rxc1 Qd7
21. Nd3 Rc8 22. Rxc8+ Qxc8 23. Ne1 Qc4 24. h3 b5 25. f3 a5 26. Qd3 Qxd3 27. Nxd3
Kf8 28. Nc5 Bc8 29. Kf2 Ke7 30. Ke3 f6 31. Kd3 Kd6 32. Kc3 h5 33. h4 g5 34. g3
gxh4 35. gxh4 e5 36. Nd3 Bh3 37. d5 f5 38. Nf2 Bg2 39. exf5 Bxf3 40. f6 Bxd5 41.
Nd3 Ke6 42. f7 Kxf7 43. Nxe5+ Ke6 44. Nd3 Kf5 45. Kd4 Bf7 46. Ne5 Be8 47. Nd3
Kg4 48. Kc5 Kxh4 49. Kd4 Kg3 50. Ne1 h4 51. Ke3 Bc6 0-1

[Event "Titled Tue 20th May Early"]
[Site "chess.com INT"]
[Date "2025.05.20"]
[Round "9"]
[White "Banh Gia Huy"]
[Black "Ilinca, Felix-Antonio"]
[Result "1/2-1/2"]
[WhiteTitle "IM"]
[BlackTitle "IM"]
[WhiteElo "2425"]
[BlackElo "2420"]
[WhiteFideId "12424714"]
[BlackFideId "54764998"]
[EventDate "2025.05.20"]

1. e4 c6 2. Nf3 d5 3. Nc3 g6 4. d4 Bg7 5. Be2 dxe4 6. Nxe4 Nf6 7. Nxf6+ exf6 8.
O-O O-O 9. c3 a5 10. Re1 Na6 11. Bf4 Nc7 12. Bxc7 Qxc7 13. a4 Be6 14. Nd2 Rfe8
15. Bc4 Bf5 16. Qf3 Bh6 17. Ne4 Qe7 18. Bd3 Kg7 19. g4 Bxg4 20. Qxg4 f5 21. Qg2
fxe4 22. Rxe4 Qf6 23. Rae1 Rxe4 24. Qxe4 Bf4 25. Qe7 Bxh2+ 26. Kg2 Bd6 27. Qxb7
Rd8 28. Qxc6 Qg5+ 29. Kf1 h5 30. Bc4 Qf6 31. Re3 Bf4 32. Qxf6+ Kxf6 33. Re2 g5
34. b4 axb4 35. cxb4 Rxd4 36. Rc2 g4 37. a5 h4 38. a6 h3 39. a7 Rd1+ 40. Ke2 h2
41. a8=Q h1=Q 42. Qxh1 Rxh1 43. b5 Rb1 44. Kd3 Kg6 45. Ke4 Bb8 46. Kd5 Kg5 47.
Kc6 Ba7 48. Ra2 Bd4 49. Bxf7 Rb2 50. Rxb2 Bxb2 51. b6 Be5 52. b7 g3 53. fxg3
Bxg3 54. Kd7 Kf6 55. Kc8 Kxf7 56. b8=Q Bxb8 1/2-1/2

[Event "Titled Tue 20th May Early"]
[Site "chess.com INT"]
[Date "2025.05.20"]
[Round "9"]
[White "Weetik, Vjacheslav"]
[Black "Moghaddamian, Afshin"]
[Result "1-0"]
[WhiteTitle "FM"]
[BlackTitle "CM"]
[WhiteElo "2423"]
[BlackElo "2126"]
[WhiteFideId "4153472"]
[BlackFideId "12503886"]
[EventDate "2025.05.20"]

1. d4 Nf6 2. c4 g6 3. g3 Bg7 4. Bg2 d5 5. cxd5 Nxd5 6. e4 Nb6 7. Ne2 O-O 8. O-O
c5 9. d5 e6 10. Nec3 Na6 11. Nd2 exd5 12. exd5 Nb4 13. Nb3 c4 14. Nc5 Bf5 15. d6
Nd3 16. Nxb7 Qd7 17. Be3 Nxb2 18. Qd2 N2a4 19. Nxa4 Nxa4 20. Bd4 Bd3 21. Bxg7
Kxg7 22. Rfe1 Rfe8 23. Qf4 Rac8 24. Qd4+ Kg8 25. h4 h5 26. Kh2 Bf5 27. Rxe8+
Rxe8 28. Qxc4 Nb6 29. Qd4 Qb5 30. Rc1 Bd7 31. Rc7 Qb1 32. Nc5 Bg4 33. a4 Qf5 34.
a5 Na8 35. Rxa7 Qc8 36. d7 Bxd7 37. Qxd7 Qb8 38. Rxa8 Kh8 39. Rxb8 1-0

[Event "Titled Tue 20th May Early"]
[Site "chess.com INT"]
[Date "2025.05.20"]
[Round "9"]
[White "Ghimoyan, Narek"]
[Black "Reshetnikov, Alexey"]
[Result "0-1"]
[WhiteTitle "CM"]
[BlackTitle "IM"]
[WhiteElo "2273"]
[BlackElo "2492"]
[WhiteFideId "13315412"]
[BlackFideId "4162080"]
[EventDate "2025.05.20"]

1. d4 Nf6 2. c4 e6 3. Nf3 d5 4. Nc3 Be7 5. Bf4 O-O 6. e3 b6 7. Bd3 Bb7 8. O-O
dxc4 9. Bxc4 c5 10. Qe2 cxd4 11. Rfd1 Nc6 12. Nxd4 Nxd4 13. Rxd4 Qc8 14. Rad1
Qc6 15. e4 Rfd8 16. Bb5 Qc5 17. Rxd8+ Rxd8 18. Rxd8+ Bxd8 19. Be3 Qd6 20. f3 Bc7
21. g3 h5 22. Qd3 Qb4 23. Qc4 Qxc4 24. Bxc4 a6 25. Bd3 Nd7 26. Kf2 Kf8 27. b4
Bd6 28. a3 Ke7 29. f4 f6 30. Be2 g6 31. Bd3 Kf7 32. Bc4 b5 33. Bb3 Ke7 34. Ne2
Bxe4 35. Nd4 e5 36. Ne2 exf4 37. gxf4 h4 38. Ke1 Bc7 39. Bf2 g5 40. a4 Nb6 41.
axb5 axb5 42. Nd4 Bxf4 43. Nxb5 Nd5 44. Bc5+ Kd7 45. Nd4 Bxh2 46. Ba4+ Kc7 47.
Ne6+ Kb7 48. Nd8+ Kc8 49. Nf7 Bg3+ 50. Kd2 Kc7 51. b5 h3 52. Bb3 h2 53. b6+ Nxb6 0-1

[Event "Titled Tue 20th May Early"]
[Site "chess.com INT"]
[Date "2025.05.20"]
[Round "9"]
[White "Iljin, Timofey"]
[Black "Wijerathna, Vinuka Dihain"]
[Result "0-1"]
[WhiteTitle "IM"]
[BlackTitle "CM"]
[WhiteElo "2242"]
[BlackElo "2063"]
[WhiteFideId "14110180"]
[BlackFideId "29981905"]
[EventDate "2025.05.20"]

1. e4 e5 2. d4 exd4 3. f4 d5 4. e5 Ne7 5. Nf3 Bg4 6. h3 Bxf3 7. Qxf3 c6 8. Bd3
Nd7 9. O-O Qb6 10. Re1 Nc5 11. f5 O-O-O 12. f6 gxf6 13. exf6 Ng6 14. Bf4 Nxf4
15. Qxf4 Nxd3 16. cxd3 Bd6 17. Qf5+ Kb8 18. Nd2 Qxb2 19. Nb3 Rhg8 20. Qf1 Rg3
21. Rab1 Qc3 22. Rec1 Qxd3 23. Qxd3 Rxd3 24. Na5 Rc3 25. Nxc6+ Kc7 26. Nxd8 Kxd8
27. Rd1 Kc7 28. Kf1 Be5 29. Rbc1 Rxc1 30. Rxc1+ Kd6 31. Ke2 Bxf6 32. Kd3 Be5 33.
Rf1 f6 34. Rf5 Kc5 35. Rh5 b5 36. Rxh7 a5 37. Ra7 Kb4 38. h4 a4 39. h5 Bf4 40.
Kxd4 Ka3 41. g3 Bxg3 42. Rg7 Bf4 43. Rg4 Bc1 44. Rg1 Bf4 45. Rg4 Bd2 46. Kxd5 b4
47. Rg3+ Bc3 0-1

[Event "Titled Tue 20th May Early"]
[Site "chess.com INT"]
[Date "2025.05.20"]
[Round "9"]
[White "Dicen, Elis Denele"]
[Black "Bratovic, Blaz"]
[Result "1/2-1/2"]
[WhiteTitle "WFM"]
[BlackTitle "IM"]
[WhiteElo "2135"]
[BlackElo "2319"]
[WhiteFideId "462560"]
[BlackFideId "14603551"]
[EventDate "2025.05.20"]

1. e4 c5 2. Nf3 d6 3. Bb5+ Nc6 4. O-O Bd7 5. c3 Nf6 6. Re1 a6 7. Bf1 Bg4 8. d4
cxd4 9. cxd4 d5 10. e5 Ne4 11. Be3 e6 12. Be2 Bb4 13. Nbd2 O-O 14. a3 Bxd2 15.
Nxd2 Bxe2 16. Qxe2 Nxd2 17. Qxd2 f5 18. exf6 Qxf6 19. Rac1 h6 20. Rc2 Rae8 21.
b4 Rf7 22. Rec1 Ref8 23. Qd3 Ne7 24. Rc7 Nf5 25. Rxf7 Qxf7 26. h3 h5 27. b5 axb5
28. Rb1 h4 29. Rxb5 Nd6 30. Rb1 Nc4 31. a4 b6 32. Qe2 Qg6 33. Ra1 Qe4 34. Re1
Ra8 35. Qa2 b5 36. a5 Rxa5 37. Qb3 Qf5 38. Qb4 Qf8 39. Qb1 b4 40. Qg6 Qf7 41.
Qg5 Ra8 42. Qxh4 b3 43. Qg4 b2 44. Rb1 Ra1 45. Qd1 Qa7 46. Kh2 Rxb1 47. Qxb1 Qa1
48. Qg6 b1=Q 49. Qe8+ Kh7 50. Qh5+ Kg8 51. Qe8+ Kh7 52. Qh5+ Kg8 53. Qe8+ 1/2-1/2

[Event "Titled Tue 20th May Early"]
[Site "chess.com INT"]
[Date "2025.05.20"]
[Round "9"]
[White "Gunawardhana, Devindya Oshini"]
[Black "Christie, Joshua"]
[Result "1/2-1/2"]
[WhiteTitle "WIM"]
[BlackTitle "FM"]
[WhiteElo "2068"]
[BlackElo "2213"]
[WhiteFideId "29941482"]
[BlackFideId "7402074"]
[EventDate "2025.05.20"]

1. Nf3 Nf6 2. g3 d5 3. Bg2 h6 4. O-O Bf5 5. d4 e6 6. c3 Be7 7. Nbd2 O-O 8. Re1
c5 9. e3 Nc6 10. a3 a5 11. Qe2 Bh7 12. b3 Qc7 13. Bb2 b5 14. dxc5 Bxc5 15. Qxb5
Nd7 16. Qe2 Nce5 17. b4 Bd6 18. Nxe5 Nxe5 19. e4 Rab8 20. Rac1 Rfc8 21. h4 Qa7
22. Red1 Nd7 23. exd5 exd5 24. Bxd5 Nf6 25. Bg2 Bxg3 26. c4 Bxh4 27. b5 Re8 28.
Qf3 Ne4 29. Nxe4 Bxe4 30. Qg4 Qxf2+ 31. Kh1 Qxb2 32. Bxe4 Bg5 33. Rc2 Qxa3 34.
Qf5 g6 35. Qd5 Qh3+ 36. Rh2 Qg4 37. Re1 Rbd8 38. Qc6 Qg3 39. Rg1 Qe5 40. Bxg6
fxg6 41. Qxg6+ Qg7 42. Qc6 Rc8 43. Qd5+ Kf8 44. Rf1+ Bf6 45. Rhf2 Ke7 46. Re2+
Kf8 47. Ref2 Ke7 48. Re2+ Kf8 49. Ref2 1/2-1/2

[Event "Titled Tue 20th May Early"]
[Site "chess.com INT"]
[Date "2025.05.20"]
[Round "9"]
[White "Shevkunov, Vladyslav"]
[Black "Karttunen, Mika"]
[Result "0-1"]
[BlackTitle "IM"]
[WhiteElo "2073"]
[BlackElo "2490"]
[WhiteFideId "30953448"]
[BlackFideId "502081"]
[EventDate "2025.05.20"]

1. e4 Nf6 2. e5 Nd5 3. d4 d6 4. c4 Nb6 5. exd6 exd6 6. Nf3 Be7 7. h3 O-O 8. Be2
Be6 9. b3 c5 10. O-O Bf6 11. Bb2 Nc6 12. Na3 d5 13. cxd5 Nxd5 14. Qd2 cxd4 15.
Nxd4 Nf4 16. Qxf4 Nxd4 17. Bxd4 Qxd4 18. Qxd4 Bxd4 19. Rad1 Bc5 20. Nb5 Rad8 21.
Bf3 Rxd1 22. Rxd1 Rb8 23. Rc1 b6 24. Nxa7 Rd8 25. Rd1 Rxd1+ 26. Bxd1 Kf8 27. Bf3
Bf5 28. Nb5 Bd3 29. Nc3 f5 30. Be2 Bc2 31. Bc4 Bd4 32. Nb5 Bc5 33. Nc7 Ke7 34.
Ne6 Ba3 35. Nxg7 Kf6 36. Nh5+ Ke5 37. Kf1 Bb1 38. f4+ Kd4 39. Nf6 Bxa2 40. Nxh7
b5 41. Bxb5 Bxb3 42. Ng5 Ke3 43. g3 Be7 44. Kg2 Bd5+ 45. Kh2 Kf2 46. Bd7 Be4 47.
h4 Bf8 48. Kh3 Bg2+ 49. Kh2 Be4 50. g4 Bd6 51. Bxf5 Bxf4+ 52. Kh3 Bg2# 0-1

[Event "Titled Tue 20th May Early"]
[Site "chess.com INT"]
[Date "2025.05.20"]
[Round "9"]
[White "Javakhadze, Zurab"]
[Black "Toncheva, Nadya"]
[Result "1-0"]
[WhiteTitle "IM"]
[BlackTitle "FM"]
[WhiteElo "2412"]
[BlackElo "2332"]
[WhiteFideId "13603647"]
[BlackFideId "2924056"]
[EventDate "2025.05.20"]

1. d4 d5 2. c4 dxc4 3. e3 e5 4. Bxc4 exd4 5. exd4 Bd6 6. Nf3 Nf6 7. O-O O-O 8.
h3 h6 9. Nc3 Nc6 10. a3 a6 11. b4 Bf5 12. Bb2 Qd7 13. Re1 Rad8 14. Ne5 Bxe5 15.
dxe5 Qxd1 16. Raxd1 Rxd1 17. Nxd1 Nd7 18. Ne3 Be6 19. f4 Nb6 20. Be2 Rd8 21. Rd1
Rxd1+ 22. Bxd1 Nc4 23. Nxc4 Bxc4 24. Kf2 Kf8 25. Bf3 Ke7 26. Ke3 g6 27. g4 Bf1
28. h4 Bc4 29. f5 gxf5 30. gxf5 Ba2 31. h5 Bb1 32. Be4 Ba2 33. Kf4 Bb3 34. f6+
Kd7 35. Bf5+ Be6 36. Ke4 b6 37. Bc1 Bxf5+ 38. Kxf5 Nd4+ 39. Kg4 Ke6 40. Bxh6
Kxe5 41. Bg7 Nf5 42. Kg5 c5 43. bxc5 bxc5 44. h6 Nxh6 45. Bxh6 c4 46. Bf8 a5 47.
Bc5 Ke4 48. Bb6 a4 49. Ba5 Kd3 50. Kh6 c3 51. Bc7 c2 52. Bf4 Ke4 53. Bc1 1-0

[Event "Titled Tue 20th May Early"]
[Site "chess.com INT"]
[Date "2025.05.20"]
[Round "9"]
[White "Sharshenbekov, Emir"]
[Black "Bahmani, Koorosh"]
[Result "1-0"]
[WhiteTitle "CM"]
[BlackTitle "CM"]
[WhiteElo "2091"]
[BlackElo "2208"]
[WhiteFideId "13810634"]
[BlackFideId "42576750"]
[EventDate "2025.05.20"]

1. e4 c6 2. d4 d5 3. exd5 cxd5 4. c4 Nf6 5. Nc3 e6 6. cxd5 Nxd5 7. Bd3 Bb4 8.
Ne2 Nc6 9. O-O O-O 10. a3 Be7 11. Qc2 Nf6 12. Be3 b6 13. Rfd1 Bb7 14. Rac1 Rc8
15. Qa4 Bd6 16. h3 a6 17. Bg5 Ne7 18. Bxf6 gxf6 19. b4 Kh8 20. Bxa6 Rg8 21. Bxb7
Rc7 22. Bf3 Nf5 23. Nb5 Rxc1 24. Rxc1 Nh4 25. Qb3 Bb8 26. Kf1 Qf8 27. g3 Nf5 28.
Bg4 Nh6 29. Qf3 Qg7 30. a4 Qg5 31. Rc6 f5 32. Bh5 Qd2 33. Rxb6 Qd1+ 34. Kg2 f4
35. Nxf4 Qxa4 36. Rb7 Nf5 37. Bxf7 Rf8 38. Qe4 Qxb4 39. Nxe6 Rxf7 40. Rxf7 Qxb5
41. Rf8# 1-0

[Event "Titled Tue 20th May Early"]
[Site "chess.com INT"]
[Date "2025.05.20"]
[Round "9"]
[White "Zaksaite, Salomeja"]
[Black "Buscar, Michael"]
[Result "0-1"]
[WhiteTitle "WGM"]
[WhiteElo "2119"]
[BlackElo "2016"]
[WhiteFideId "12801496"]
[BlackFideId "2603616"]
[EventDate "2025.05.20"]

1. d4 d5 2. c4 e6 3. g3 c5 4. cxd5 exd5 5. Bg2 Nc6 6. Nf3 Nf6 7. O-O Be7 8. dxc5
Bxc5 9. Nbd2 O-O 10. Nb3 Be7 11. Nbd4 Ne4 12. b3 Bf6 13. Bb2 Bg4 14. Rc1 Rc8 15.
Nxc6 bxc6 16. Ba3 Re8 17. Nd4 Qa5 18. Nxc6 Qxa3 19. Qxd5 Nc3 20. Rxc3 Bxc3 21.
Qc4 Bxe2 22. Qxc3 Bxf1 23. Kxf1 Qd6 24. Bf3 h6 25. b4 a6 26. a4 Kh7 27. b5 axb5
28. axb5 Red8 29. Kg2 Qd3 30. Qxd3+ Rxd3 31. Be4+ g6 32. Bxd3 Kg7 33. Be4 Rc7
34. Kf3 Rb7 35. Nd4 Rb6 36. Ke3 Kf6 37. Kd3 Ke5 38. Kc4 Kxe4 39. Nc6 f5 40. Kc5
Rb7 41. b6 g5 42. Na5 Rb8 43. b7 Kf3 44. Kc6 Kxf2 45. Nc4 Kg2 46. Kc7 Rxb7+ 47.
Kxb7 Kxh2 48. Kc6 Kxg3 49. Kd5 f4 50. Kd4 h5 51. Kd3 Kg2 52. Ke2 h4 53. Ne5 h3
54. Ng4 h2 55. Nf2 h1=Q 56. Nxh1 Kxh1 57. Kf3 Kh2 0-1

[Event "Titled Tue 20th May Early"]
[Site "chess.com INT"]
[Date "2025.05.20"]
[Round "9"]
[White "Mitrabha, Guha"]
[Black "Nihal, Sarin"]
[Result "0-1"]
[WhiteTitle "GM"]
[BlackTitle "GM"]
[WhiteElo "2515"]
[BlackElo "2693"]
[WhiteFideId "5057000"]
[BlackFideId "25092340"]
[EventDate "2025.05.20"]

1. Nf3 d6 2. c4 e5 3. d3 f5 4. Nc3 Be7 5. g3 Nf6 6. Bg2 O-O 7. b4 Qe8 8. O-O Bd8
9. a4 Qh5 10. e3 Nc6 11. b5 Ne7 12. a5 a6 13. b6 c5 14. Nd2 Qh6 15. Nb3 Kh8 16.
d4 cxd4 17. exd4 f4 18. c5 Bh3 19. cxd6 Ng6 20. f3 Qh5 21. dxe5 fxg3 22. hxg3
Nxe5 23. Ra4 Bd7 24. Rh4 Qg6 25. Rd4 Nc6 26. Rd3 Nxa5 27. Nxa5 Bxb6+ 28. Be3
Bxa5 29. Bf2 Rac8 30. Nd5 Bb5 31. Nf4 Qf7 32. Bh3 Rce8 33. Ra3 Bxf1 34. Bxf1 Bb4
35. Rb3 Bxd6 36. Rb6 Bxf4 37. gxf4 Nh5 38. Qa1 Nxf4 39. Bd4 Ne2+ 40. Bxe2 Rxe2
41. Qc3 Rg8 42. Rh6 Re6 43. Rh3 Rg6+ 44. Kf2 h6 45. Qe3 Kh7 46. Qe4 Re8 47. Qd3
Qa2+ 48. Kf1 Qg2# 0-1

[Event "Titled Tue 20th May Early"]
[Site "chess.com INT"]
[Date "2025.05.20"]
[Round "9"]
[White "Tiitta, Sauli"]
[Black "Troltenier, Dirk"]
[Result "0-1"]
[BlackTitle "FM"]
[WhiteElo "2157"]
[BlackElo "2174"]
[WhiteFideId "502251"]
[BlackFideId "4606400"]
[EventDate "2025.05.20"]

1. g4 d5 2. h3 c5 3. c4 e6 4. Nc3 Nc6 5. Bg2 d4 6. Ne4 f5 7. Ng3 fxg4 8. hxg4 e5
9. Qc2 Bxg4 10. Rxh7 Rxh7 11. Qxh7 Be6 12. Bxc6+ bxc6 13. Qh5+ Kd7 14. Qxe5 Nf6
15. Ne4 Nxe4 16. Qxe4 Bxc4 17. Nf3 Bd5 18. Ne5+ Kc7 19. Qg4 Qf6 20. Qd7+ Kb6 21.
Qxd5 cxd5 22. Nd7+ Kc6 23. Nxf6 gxf6 24. d3 Bd6 25. Bd2 Re8 26. Rc1 Kb5 27. a4+
Kb6 28. Kf1 Rh8 29. Kg1 Rg8+ 30. Kf1 Rh8 31. Kg1 Re8 32. Kf1 f5 33. Re1 Rh8 34.
Kg2 a6 35. Kf3 Kc6 36. Rg1 Rh3+ 37. Kg2 Rh2+ 38. Kf3 Rh3+ 39. Kg2 Rh8 40. Kf3
Rb8 41. Rg6 Rd8 42. Bf4 Kc7 43. Rxd6 Rxd6 44. Be5 Kd7 45. Bxd6 Kxd6 46. Kf4 c4
47. Kxf5 c3 48. bxc3 dxc3 49. e4 dxe4 50. dxe4 c2 51. e5+ Ke7 0-1

[Event "Titled Tue 20th May Early"]
[Site "chess.com INT"]
[Date "2025.05.20"]
[Round "9"]
[White "Danzer, George"]
[Black "Montano Vicente, Guadalupe"]
[Result "1-0"]
[WhiteTitle "CM"]
[WhiteElo "2172"]
[BlackElo "1940"]
[WhiteFideId "4659465"]
[BlackFideId "5181399"]
[EventDate "2025.05.20"]

1. e4 c5 2. Nf3 d6 3. d4 cxd4 4. Nxd4 Nf6 5. Nc3 a6 6. Bg5 e6 7. f4 h6 8. Bxf6
Qxf6 9. Qd2 g5 10. fxg5 Qxg5 11. O-O-O Be7 12. Kb1 Qxd2 13. Rxd2 Nc6 14. Nxc6
bxc6 15. Rf2 Rb8 16. b3 Rg8 17. Bd3 Rg7 18. Rhf1 c5 19. h3 f6 20. g4 Rg5 21. Ne2
h5 22. gxh5 Rxh5 23. Nf4 Rh6 24. Bc4 e5 25. Nd5 Bb7 26. Nxf6+ Bxf6 27. Rxf6 Rxf6
28. Rxf6 Bxe4 29. Rxd6 Bf5 30. Rf6 Bxh3 31. Rh6 Bc8 32. Rh5 Kd8 33. Rxe5 Bd7 34.
Rxc5 Rb6 35. Rd5 Kc7 36. Kb2 Rf6 37. Rd2 Bc8 38. Rh2 Bb7 39. Re2 Kb6 40. Re6+
Rxe6 41. Bxe6 Kc5 42. Kc3 a5 43. a3 Be4 44. b4+ axb4+ 45. axb4+ Kb5 46. Bc4+ Kb6
47. Bd3 Bd5 48. Kd4 Ba2 49. c4 Bb3 50. Kc3 Bd1 51. Kd4 Bg4 52. c5+ Kc7 53. b5
Bd7 54. b6+ Kb7 55. Be4+ Kb8 56. c6 1-0

[Event "Titled Tue 20th May Early"]
[Site "chess.com INT"]
[Date "2025.05.20"]
[Round "9"]
[White "Rustemov, Alexander"]
[Black "Khodashenas, Mersad"]
[Result "1/2-1/2"]
[WhiteTitle "GM"]
[BlackTitle "IM"]
[WhiteElo "2525"]
[BlackElo "2471"]
[WhiteFideId "4119002"]
[BlackFideId "12514195"]
[EventDate "2025.05.20"]

1. d4 d5 2. c4 dxc4 3. Nf3 Nf6 4. e3 e6 5. Bxc4 a6 6. O-O c5 7. e4 cxd4 8. e5
Nfd7 9. Qxd4 Nc6 10. Qf4 h6 11. Re1 g5 12. Qg3 Bg7 13. Nc3 Qc7 14. h4 Ndxe5 15.
hxg5 Nxf3+ 16. gxf3 Qxg3+ 17. fxg3 Nd4 18. Rf1 b5 19. Bd3 Bb7 20. Be4 O-O-O 21.
gxh6 Bxh6 22. Kg2 Bxe4 23. Nxe4 Nc2 24. Rb1 Ne3+ 25. Bxe3 Bxe3 26. Rfe1 Bd4 27.
Re2 Kb7 28. Rh1 Rxh1 29. Kxh1 Kb6 30. Kg2 a5 31. f4 a4 32. Kf3 b4 33. b3 axb3
34. axb3 Ra8 35. Rd2 Bc3 36. Rd3 Bh8 37. Ng5 Ra3 38. Nxf7 Bc3 39. Ng5 Rxb3 40.
Nxe6 Rb1 41. Nd4 Kc5 42. Ne2 Kc4 43. Rd8 Rf1+ 44. Kg4 Rf2 45. Nxc3 bxc3 46. Kf5
c2 47. Rc8+ Kd3 48. g4 Rf1 49. g5 c1=Q 50. Rxc1 Rxc1 51. g6 Rg1 52. Kf6 Ke4 53.
f5 Rf1 54. g7 Rxf5+ 55. Kg6 Kf4 56. g8=Q Rg5+ 57. Kf7 Rxg8 58. Kxg8 1/2-1/2

[Event "Titled Tue 20th May Early"]
[Site "chess.com INT"]
[Date "2025.05.20"]
[Round "9"]
[White "Ermolaev, Evgeny"]
[Black "Przybylski, Bartosz"]
[Result "0-1"]
[WhiteTitle "FM"]
[BlackTitle "CM"]
[WhiteElo "2282"]
[BlackElo "2107"]
[WhiteFideId "24103195"]
[BlackFideId "21878323"]
[EventDate "2025.05.20"]

1. d4 d6 2. Nf3 Nf6 3. c4 g6 4. g3 Bg7 5. Bg2 O-O 6. Nc3 Bf5 7. Nh4 Bc8 8. Nf3
c5 9. O-O Nc6 10. d5 Na5 11. Nd2 a6 12. Qc2 b5 13. b3 Rb8 14. Bb2 bxc4 15. bxc4
e6 16. Rab1 exd5 17. cxd5 Bf5 18. e4 Bd7 19. Ba1 Qc7 20. Rxb8 Rxb8 21. Rb1 Rb4
22. a3 Rb8 23. Bf1 Ng4 24. Bxa6 Bd4 25. Nd1 Rxb1 26. Qxb1 Qa7 27. Bxd4 cxd4 28.
Be2 Ne5 29. Nb2 d3 30. Nxd3 Nac4 31. Nxc4 Nxc4 32. Qb4 Qc7 33. Nf4 Ne5 34. Qd2
h5 35. h4 Bg4 36. Bxg4 hxg4 37. Kg2 Qc4 38. Qe2 Qd4 39. h5 g5 40. Ne6 fxe6 41.
dxe6 Kf8 42. Qc2 Nc4 43. Qa4 Qxe4+ 44. Kh2 Qxe6 45. Qa8+ Kf7 46. Qh8 Qf6 47.
Qh7+ Ke6 48. Qg8+ Qf7 49. Qc8+ Kd5 50. Qxg4 Qxf2+ 51. Kh3 Ne5 52. Qd1+ Ke6 53.
h6 g4+ 54. Kh4 Qf6+ 55. Kh5 Qg6+ 56. Kh4 Qxh6# 0-1

[Event "Titled Tue 20th May Early"]
[Site "chess.com INT"]
[Date "2025.05.20"]
[Round "9"]
[White "Suvradeepta, Das"]
[Black "Vargas Benavides, Mauricio"]
[Result "1-0"]
[WhiteTitle "FM"]
[BlackTitle "FM"]
[WhiteElo "2254"]
[BlackElo "1935"]
[WhiteFideId "5058031"]
[BlackFideId "4404572"]
[EventDate "2025.05.20"]

1. d4 Nf6 2. Nf3 d5 3. Bf4 c5 4. e3 Nc6 5. c3 Qb6 6. Qb3 c4 7. Qc2 Bf5 8. Qc1 e6
9. Nbd2 h6 10. h3 Be7 11. Be2 O-O 12. O-O Rfc8 13. Re1 Qa5 14. Ne5 b5 15. Bf3
Nxe5 16. Bxe5 Bd3 17. Bxf6 Bxf6 18. e4 b4 19. exd5 exd5 20. Nf1 Rab8 21. Ne3 Bg5
22. h4 Bxe3 23. Rxe3 bxc3 24. bxc3 Rb6 25. Qe1 Rbb8 26. Re5 Rd8 27. Be2 Bxe2 28.
Rxe2 Qa4 29. g3 Re8 30. Kg2 Qc6 31. Re5 f6 32. Re3 Re4 33. Rxe4 dxe4 34. Rd1 Qd5
35. Kh2 f5 36. Rb1 Re8 37. Qe3 Re7 38. Rb8+ Kh7 39. Rf8 Rf7 40. Rc8 Qa5 41. Qd2
Qa6 42. Rc5 g5 43. hxg5 hxg5 44. Qxg5 Qxa2 45. Rxf5 Rxf5 46. Qxf5+ Kg7 47. Qe5+
Kf7 48. Qxe4 Qxf2+ 49. Kh3 Qf1+ 50. Kg4 a5 51. Qd5+ Kg6 52. Qxa5 Qe2+ 53. Kf4
Qf2+ 54. Ke4 Qe2+ 55. Kf4 Qd2+ 56. Kf3 Qd3+ 57. Kf2 Qd2+ 58. Kf3 Qd1+ 59. Ke4
Qg4+ 60. Ke3 Qxg3+ 61. Kd2 Qf2+ 62. Kc1 Qe1+ 63. Kb2 Qe2+ 64. Ka3 Qe7+ 65. Qc5
Qe6 66. Kb4 Qe1 67. Qxc4 Qb1+ 68. Kc5 Qh1 69. Qd5 Kg7 70. Qxh1 1-0

[Event "Titled Tue 20th May Early"]
[Site "chess.com INT"]
[Date "2025.05.20"]
[Round "9"]
[White "Tsyhanchuk, Stanislav"]
[Black "Rose, Felix"]
[Result "0-1"]
[WhiteTitle "IM"]
[BlackTitle "CM"]
[WhiteElo "2273"]
[BlackElo "2093"]
[WhiteFideId "13505130"]
[BlackFideId "5105722"]
[EventDate "2025.05.20"]

1. e4 e5 2. Nf3 Nc6 3. Bc4 Nf6 4. O-O Nxe4 5. d4 exd4 6. Nxd4 d5 7. Nxc6 bxc6 8.
Bd3 Bd6 9. Re1 O-O 10. Qf3 Nf6 11. Bg5 h6 12. Bxf6 Qxf6 13. Qxf6 gxf6 14. Nd2
Rb8 15. b3 Be5 16. Rad1 a5 17. Nf3 Bg4 18. Re3 d4 19. Re4 Bxf3 20. gxf3 c5 21.
f4 Bd6 22. f5 Kh7 23. Kf1 Rbe8 24. Rde1 Rxe4 25. Rxe4 Bxh2 26. Re7 Bd6 27. Rd7
h5 28. Bc4 Kh6 29. Bxf7 Kg5 30. Bg6 h4 31. Rh7 Ra8 32. Rh5+ Kg4 33. Rh7 a4 34.
Ke2 axb3 35. axb3 Ra2 36. Kd3 Ra1 37. f3+ Kxf3 38. Rxh4 Rd1+ 39. Kc4 Kg3 40. Re4
Rd2 41. Re6 Rxc2+ 42. Kd5 d3 43. Rxf6 d2 44. Rf8 d1=Q+ 45. Ke6 Bxf8 46. Kf7 Re2
47. f6 Qd6 48. Kg8 Bh6 49. f7 Qf8+ 50. Kh7 Re6 51. Bf5 Rf6 0-1

[Event "Titled Tue 20th May Early"]
[Site "chess.com INT"]
[Date "2025.05.20"]
[Round "9"]
[White "Lai, Duc Minh"]
[Black "Altynbek, Aiaru"]
[Result "1-0"]
[BlackTitle "WFM"]
[WhiteElo "2072"]
[BlackElo "1977"]
[WhiteFideId "12420387"]
[BlackFideId "13752472"]
[EventDate "2025.05.20"]

1. e4 c6 2. d4 d5 3. exd5 cxd5 4. Bd3 Nc6 5. c3 Nf6 6. Bf4 Bg4 7. Qb3 Qd7 8. Nd2
e6 9. Ngf3 Bd6 10. Bxd6 Qxd6 11. O-O O-O 12. Rae1 Qc7 13. Re3 Rab8 14. Qc2 b5
15. Ne5 Bh5 16. a3 Rfc8 17. Nxc6 Qxc6 18. Rh3 Bg6 19. Bxg6 hxg6 20. Qd3 Kf8 21.
Nf3 Qc4 22. Qd2 a5 23. Ne5 Qc7 24. Nd3 Ke7 25. Qg5 Rh8 26. Rxh8 Rxh8 27. Ne5 Qb6
28. Nd3 Qc7 29. h3 Rc8 30. Re1 Qc4 31. Qe3 Ne4 32. Re2 Qb3 33. f3 Nf6 34. Nc5
Qd1+ 35. Kh2 Kf8 36. Qd3 Qxd3 37. Nxd3 Rb8 38. Kg3 Ke7 39. Kf4 Kd6 40. g4 Nd7
41. h4 Nb6 42. Nc5 Nc4 43. h5 b4 44. axb4 axb4 45. Na6 Kd7 46. Nxb8+ 1-0